Collectible glass rose bowls : (Record no. 20885)

000 -LEADER
fixed length control field 01072cam a22002654a 4500
001 - CONTROL NUMBER
control field 201991
003 - CONTROL NUMBER IDENTIFIER
control field OSt
005 - DATE AND TIME OF LATEST TRANSACTION
control field 20170120150253.0
008 - FIXED-LENGTH DATA ELEMENTS--GENERAL INFORMATION
fixed length control field 990304s1999 iaua c 000 0 eng
010 ## - LIBRARY OF CONGRESS CONTROL NUMBER
LC control number 99061635
020 ## - INTERNATIONAL STANDARD BOOK NUMBER
Canceled/invalid ISBN 15822100908
040 ## - CATALOGING SOURCE
Original cataloging agency DLC
Transcribing agency DLC
Modifying agency DLC
042 ## - AUTHENTICATION CODE
Authentication code pcc
050 00 - LIBRARY OF CONGRESS CALL NUMBER
Classification number NK5440.B66
Item number B55 1999
082 00 - DEWEY DECIMAL CLASSIFICATION NUMBER
Classification number 748.8
Edition number 21
100 1# - MAIN ENTRY--PERSONAL NAME
Personal name Billings, Johanna S.
245 10 - TITLE STATEMENT
Title Collectible glass rose bowls :
Remainder of title a history and identification guide /
Statement of responsibility, etc. by Johanna S. Billings with Sean Billings.
260 ## - PUBLICATION, DISTRIBUTION, ETC. (IMPRINT)
Place of publication, distribution, etc. Dubuque, Iowa :
Name of publisher, distributor, etc. Antique Trader Books,
Date of publication, distribution, etc. c1999.
300 ## - PHYSICAL DESCRIPTION
Extent 198 p. :
Other physical details col. ill. ;
Dimensions 28 cm.
650 #0 - SUBJECT ADDED ENTRY--TOPICAL TERM
Topical term or geographic name as entry element Rose bowls (Vases)
General subdivision Collectors and collecting
Form subdivision Catalogs.
700 1# - ADDED ENTRY--PERSONAL NAME
Personal name Billings, Sean.
906 ## - LOCAL DATA ELEMENT F, LDF (RLIN)
a 7
b cbc
c orignew
d 2
e opcn
f 19
g y-gencatlg
942 ## - ADDED ENTRY ELEMENTS (KOHA)
Source of classification or shelving scheme
Koha item type Hard Covered Materials
Classification part NK 5440 .B66 B55 1999

No items available.

© Machakos University Library, Along The Highway, Machakos Wote Rd, Machakos, Kenya P.O. Box 136 - 90100 Machakos - Kenya

Tel: ( +254 ) 723 805829 OR Fax : 044-20353 OR Email: library@mksu.ac.ke